| 000 | 00719nam a2200229Ia 4500 | ||
|---|---|---|---|
| 003 | OSt | ||
| 005 | 20231109142409.0 | ||
| 008 | 210716s2004 xx 000 0 und d | ||
| 020 | _a9789352866205 | ||
| 040 | _cAIMIT LIBRARY | ||
| 041 | _aeng | ||
| 082 |
_a658.4092 _bNAHA _27 |
||
| 100 |
_aNahavandi, Afsaneh. _9141261 |
||
| 245 |
_aArt and science of leadership / _cBy Afsaneh Nahavandi. |
||
| 250 | _a7th ed. | ||
| 260 |
_aNew Delhi : _bPearson Education , _c2018. |
||
| 300 |
_a415 p.; _bPB _c24.5 cm. |
||
| 650 |
_aDefinition and significance of leadership _9141262 |
||
| 650 |
_aGlobal and cultural contexts _9141364 |
||
| 650 |
_aIndividual differences and traits _9141365 |
||
| 942 |
_2ddc _cBK _m658.4092 NAHA |
||
| 999 |
_c200473 _d200473 |
||